[Event "London ENG"]
[Site "London ENG"]
[Date "1994.??.??"]
[Round "1"]
[White "Short, Nigel D"]
[Black "Kasparov, Gary"]
[Result "1/2-1/2"]
[WhiteElo "2655"]
[BlackElo "2805"]
[PlyCount "72"]
[EventDate "1994.??.??"]
[Source "www.chesslib.no"]
[SourceDate "2004.05.04"]

1. e4 e5 2. Nf3 Nc6 3. Bc4 Bc5 4. b4 Bxb4 5. c3 Be7 6. d4 Na5 7. Nxe5 Nxc4 8. Nxc4 d5 9. exd5 Qxd5 10. Ne3 Qd8 11. O-O Nf6 12. c4 O-O 13. Nc3 c6 14. Rb1 Re8 15. Bb2 Qc7 16. Qf3 Bd7 17. Ne2 Rad8 18. Ng3 Bc8 19. d5 cxd5 20. cxd5 Qa5 21. Rfd1 Qa6 22. Rbc1 Ba3 23. Bxf6 Qxf6 24. Qxf6 gxf6 25. Rc4 b5 26. Rf4 Bb2 27. Rb4 Be5 28. Rxb5 Re7 29. Ngf5 Red7 30. h3 Kf8 31. Rb4 Rc7 32. g4 Rc5 33. d6 Be6 34. f4 Bc3 35. Rb7 Ba5 36. Rxa7 Bxf5 1/2-1/2

[Event "KasparovChess GP g/60"]
[Site "Internet"]
[Date "2000.02.14"]
[Round "2.2"]
[White "Short, Nigel D"]
[Black "Svidler, Peter"]
[Result "1/2-1/2"]
[WhiteElo "2683"]
[BlackElo "2672"]
[PlyCount "67"]
[EventDate "2000.02.09"]
[Source "ChessBase"]
[SourceDate "2000.05.31"]

1. e4 e5 2. Nf3 Nc6 3. Bc4 Bc5 4. b4 Bxb4 5. c3 Be7 6. d4 Na5 7. Be2 d6 8. Qa4+ c6 9. dxe5 dxe5 10. Nxe5 Nf6 11. O-O b5 12. Qc2 O-O 13. a4 Qc7 14. Nf3 a6 15. Bg5 Bg4 16. Nbd2 Nb7 17. h3 Bh5 18. Rae1 Nc5 19. Nd4 Bg6 20. f4 Ncxe4 21. Nxe4 Bxe4 22. Bd3 Bxd3 23. Qxd3 Rfe8 24. Re5 Qd7 25. Qf3 Nd5 26. axb5 axb5 27. Bxe7 Nxe7 28. Rfe1 Ng6 29. Rxe8+ Rxe8 30. Rxe8+ Qxe8 31. Nxc6 Nh4 32. Qg4 Qxc6 33. Qxh4 f6 34. Qg3 1/2-1/2

[Event "XXXVII Bosnia GM"]
[Site "Sarajevo BOS"]
[Date "2007.05.22"]
[Round "4"]
[White "Short, N."]
[Black "Sokolov, Iv NED"]
[Result "1-0"]
[WhiteElo "2691"]
[BlackElo "2655"]
[PlyCount "83"]
[EventDate "2007.05.19"]
[Source "www.chesslib.no"]
[SourceDate "2004.05.04"]

1. e4 e5 2. Nf3 Nc6 3. Bc4 Bc5 4. b4 Bxb4 5. c3 Be7 6. d4 Na5 7. Be2 exd4 8. Qxd4 d6 9. Qxg7 Bf6 10. Qg3 Ne7 11. O-O Ng6 12. Nd4 Qe7 13. Nd2 Bd7 14. N2b3 Nxb3 15. axb3 O-O 16. Bg4 Kh8 17. Bxd7 Qxd7 18. Ra5 Rae8 19. Rh5 Bxd4 20. cxd4 Rxe4 21. Bh6 Rfe8 22. Qf3 f6 23. Qxf6+ Kg8 24. d5 Qf7 25. Qxf7+ Kxf7 26. Rf5+ Kg8 27. f4 Re1 28. g3 Rxf1+ 29. Kxf1 a5 30. Rg5 Kf7 31. f5 Ne7 32. Rg7+ Kf6 33. g4 Nxd5 34. Rxh7 b5 35. Kf2 a4 36. bxa4 bxa4 37. h4 Ke5 38. Kf3 Kd4 39. f6 Nxf6 40. Bg7 Rf8 41. g5 a3 42. Rh8 1-0

[Event "EuTCh"]
[Site "Plovdiv"]
[Date "2003.10.19"]
[Round "8"]
[White "Jobava, Baadur"]
[Black "Grischuk, Alexander"]
[Result "0-1"]
[WhiteElo "2605"]
[BlackElo "2732"]
[PlyCount "84"]
[EventDate "2003.10.10"]
[Source "Roberto Alvarez"]
[SourceDate "2003.10.20"]

1. e4 e5 2. Nf3 Nc6 3. Bc4 Bc5 4. b4 Bxb4 5. c3 Bd6 6. d4 Nf6 7. O-O O-O 8. Re1 h6 9. Nh4 exd4 10. Nf5 Bc5 11. cxd4 d5 12. exd5 Bxf5 13. dxc5 Na5 14. Bb3 Nxb3 15. Qxb3 Qxd5 16. Nc3 Rfe8 17. Be3 Qc6 18. Qb5 Qxb5 19. Nxb5 Nd5 20. Bd2 Red8 21. Rac1 Bg6 22. a3 c6 23. Nd6 b6 24. Nc4 f6 25. f3 Bd3 26. Nb2 Bg6 27. Nc4 Rac8 28. Red1 Rd7 29. Be3 Rcd8 30. cxb6 axb6 31. Bf2 b5 32. Na5 Nf4 33. Rxd7 Rxd7 34. Ra1 Rd6 35. Be3 Nd3 36. a4 Re6 37. Bd2 Re2 38. Ra2 Bf7 39. Rc2 b4 40. Kf1 Rf2+ 41. Kg1 b3 42. Rb2 Nxb2 0-1

[Event "Beijing"]
[Site "?"]
[Date "2000.??.??"]
[Round "?"]
[White "Short, N."]
[Black "Onischuk, Al"]
[Result "1/2-1/2"]
[WhiteElo "2675"]
[BlackElo "2625"]
[PlyCount "104"]
[EventDate "2000.??.??"]
[Source "Chess Informant"]
[SourceDate "2000.06.01"]

1. e4 e5 2. Nf3 Nc6 3. Bc4 Bc5 4. b4 Bxb4 5. c3 Be7 6. d4 Na5 7. Be2 exd4 8. Qxd4 d6 9. Qxg7 Bf6 10. Qg3 Ne7 11. Bg5 Ng6 12. O-O Be6 13. Nbd2 h6 14. Bxf6 Qxf6 15. Nd4 Nf4 16. Qe3 Qg5 17. g3 Nh3+ 18. Kh1 Qxe3 19. fxe3 Ke7 20. Rab1 b6 21. e5 Bxa2 22. exd6+ cxd6 23. Rb5 Be6 24. Rh5 Ng5 25. h4 Nh7 26. Rxh6 Rag8 27. Nxe6 fxe6 28. Bh5 Rg7 29. Bg6 Nc6 30. Nf3 d5 31. h5 Kd6 32. Kg2 Ne7 33. e4 dxe4 34. Bxe4 Ng8 35. Rg6 Rxg6 36. Bxg6 Nh6 37. Kh3 Nf8 38. Nh4 Nd7 39. g4 Rc8 40. g5 Rxc3+ 41. Rf3 Rxf3+ 42. Nxf3 Ng8 43. h6 Ne7 44. Bd3 Nf8 45. h7 Nxh7 46. Bxh7 a5 47. Kg4 a4 48. Nd2 Kd5 49. Bb1 Kd4 50. Ba2 Kc3 51. Ne4+ Kb2 52. Bxe6 a3 1/2-1/2

[Event "6. EICC"]
[Site "?"]
[Date "2005.06.30"]
[Round "12"]
[White "Karjakin Sergey"]
[Black "Beliavsky Alexander G"]
[Result "0-1"]
[WhiteElo "2635"]
[BlackElo "2630"]
[PlyCount "90"]
[EventDate "2005.??.??"]
[Source "www.chesslib.no"]
[SourceDate "2004.05.04"]

1. e4 e5 2. Nf3 Nc6 3. Bc4 Bc5 4. b4 Bxb4 5. c3 Be7 6. d4 Na5 7. Be2 exd4 8. Qxd4 d6 9. Qxg7 Bf6 10. Qg3 Qe7 11. Qf4 Bd7 12. O-O O-O-O 13. Be3 Nc6 14. Bd4 Re8 15. Nbd2 d5 16. Bd3 Bxd4 17. cxd4 Qf6 18. Qg3 Nge7 19. Ne5 Reg8 20. Nxd7 Rxg3 21. Nxf6 Rxd3 22. Nf3 dxe4 23. Nxe4 Nxd4 24. Ne5 Ra3 25. Rfd1 Nec6 26. Nxf7 Rg8 27. Nfg5 h6 28. Nf7 Rg6 29. Ng3 Ra5 30. h4 Nf5 31. Re1 Nxg3 32. fxg3 Rxg3 33. Nxh6 Nd4 34. Re7 Rg6 35. Nf7 Nf3+ 36. Kf1 Nxh4 37. Rd1 Rf5+ 38. Ke1 Nxg2+ 39. Kd2 Rd5+ 40. Ke2 Nf4+ 41. Kf3 Rxd1 42. Re8+ Kd7 43. Rd8+ Ke7 44. Rxd1 Rf6 45. Nd8 Ne6+ 0-1

[Event "It"]
[Site "?"]
[Date "2005.04.04"]
[Round "4"]
[White "Felgaer Ruben"]
[Black "Harikrishna Pendyala"]
[Result "1-0"]
[WhiteElo "2593"]
[BlackElo "2646"]
[PlyCount "65"]
[EventDate "2005.??.??"]
[Source "www.chesslib.no"]
[SourceDate "2004.05.04"]

1. e4 e5 2. Nf3 Nc6 3. Bc4 Bc5 4. b4 Bxb4 5. c3 Bd6 6. d4 Nf6 7. O-O O-O 8. Re1 h6 9. Nbd2 Re8 10. Qb3 Qe7 11. Bd3 Na5 12. Qa4 b6 13. Nf1 Bb7 14. Ng3 Qf8 15. dxe5 Bxe5 16. Nxe5 Rxe5 17. f4 Ree8 18. e5 d6 19. Ba3 Bc6 20. Qd1 Nd7 21. Qg4 Nb7 22. Nf5 Kh8 23. Re3 Nbc5 24. Rae1 Nxd3 25. Rxd3 Re6 26. Qh4 Rg6 27. Rd2 Re8 28. exd6 cxd6 29. Ne7 Rg4 30. Qxg4 Rxe7 31. Rxe7 Qxe7 32. Qe2 Qf6 33. Rxd6 1-0

[Event "NED-ch"]
[Site "Leeuwarden"]
[Date "2004.07.03"]
[Round "4"]
[White "Van der Wiel, John TH"]
[Black "Sokolov, Ivan"]
[Result "1/2-1/2"]
[WhiteElo "2526"]
[BlackElo "2690"]
[PlyCount "98"]
[EventDate "2004.06.30"]
[SourceDate "2004.07.13"]

1. e4 e5 2. Nf3 Nc6 3. Bc4 Bc5 4. b4 Bxb4 5. c3 Bd6 6. d4 Nf6 7. dxe5 Bxe5 8. Ba3 d6 9. Bb5 Qe7 10. O-O O-O 11. Nxe5 Qxe5 12. Bd3 Re8 13. f4 Qa5 14. Qc2 b6 15. Bb2 Ba6 16. Bxa6 Qxa6 17. Nd2 b5 18. c4 Nd7 19. Rac1 b4 20. Rf3 Qb6+ 21. Kh1 Nd4 22. c5 dxc5 23. Bxd4 cxd4 24. Qxc7 Nf6 25. e5 Nd5 26. Qxb6 axb6 27. Rc4 Rxa2 28. Rxd4 Rc8 29. h3 Ne7 30. Rfd3 h5 31. Rxb4 Rc1+ 32. Kh2 Rcc2 33. Rbd4 h4 34. Rd8+ Kh7 35. g4 Ng6 36. R8d4 b5 37. Kg2 Nxf4+ 38. Rxf4 Rxd2+ 39. Rxd2 Rxd2+ 40. Kf3 Kg6 41. Rb4 Rd3+ 42. Kf4 Rxh3 43. Rxb5 Rh1 44. Rb6+ Kh7 45. Kg5 h3 46. Rb3 h2 47. Rb2 g6 48. Ra2 Kg7 49. Rf2 Re1 1/2-1/2

[Event "Europa ch 2008"]
[Site "Plovdiv BUL"]
[Date "2008.04.30"]
[Round "9.47"]
[White "Shomoev, Anton"]
[Black "Sakaev, Konstantin"]
[Result "1/2-1/2"]
[WhiteElo "2559"]
[BlackElo "2649"]
[PlyCount "172"]
[EventDate "2008.04.21"]
[Source "www.chesslib.no"]
[SourceDate "2004.05.04"]

1. e4 e5 2. Nf3 Nc6 3. Bc4 Bc5 4. b4 Bxb4 5. c3 Be7 6. d4 Na5 7. Be2 d6 8. Qa4+ c6 9. dxe5 dxe5 10. Nxe5 Nf6 11. O-O O-O 12. Rd1 Qb6 13. Nd2 Qc7 14. Nef3 Be6 15. c4 c5 16. Bb2 Nc6 17. Qc2 Rad8 18. Nf1 Nb4 19. Qc3 Rxd1 20. Bxd1 Rd8 21. Be2 Nc6 22. Rd1 Rxd1 23. Bxd1 Qa5 24. Qb3 Qb4 25. N3d2 Nd7 26. Bc3 Qxb3 27. axb3 Bd6 28. Ne3 f6 29. Nd5 Be5 30. f4 Bd4+ 31. Bxd4 cxd4 32. Nc7 Bf7 33. Nb5 Nc5 34. Bf3 a6 35. Nd6 Kf8 36. Kf2 Nb4 37. Nf5 Nbd3+ 38. Kg1 Nxf4 39. Nxd4 a5 40. Kf2 Nfd3+ 41. Ke3 Ne5 42. Be2 Bg6 43. Nb5 Be8 44. Nc3 Ke7 45. Nd5+ Kd6 46. b4 axb4 47. Nxb4 Na4 48. Kd4 Nc5 49. Ke3 Bc6 50. Nd5 Bd7 51. Kd4 Nc6+ 52. Ke3 Be8 53. Nc3 Na5 54. Bd1 Ne6 55. Bg4 Bf7 56. Nb5+ Kc5 57. e5 fxe5 58. Ne4+ Kb4 59. Nbd6 Bg8 60. Nd2 Nc5 61. Be2 g6 62. g4 h6 63. h4 Be6 64. Nf3 Nc6 65. g5 h5 66. Ne1 Na5 67. Nf3 Nc6 68. Ne1 e4 69. Ng2 Ne5 70. Nf4 Bg8 71. Nxe4 Bxc4 72. Bd1 b5 73. Nd6 Ne6 74. Nxh5 gxh5 75. Bxh5 Kc5 76. Ne4+ Kc6 77. Be8+ Kc7 78. h5 Ng7 79. Nf6 Nxe8 80. Nxe8+ Kd7 81. Nf6+ Ke6 82. h6 b4 83. h7 Ng6 84. Kd4 Ba2 85. Ng4 Kf7 86. Ne5+ Kg7 1/2-1/2

[Event "It"]
[Site "Pune"]
[Date "2004.09.12"]
[Round "9"]
[White "Ganguly, Surya Shekhar"]
[Black "Harikrishna, Penteala"]
[Result "1/2-1/2"]
[WhiteElo "2574"]
[BlackElo "2609"]
[PlyCount "74"]
[EventDate "2004.08.03"]
[Source "Roberto Alvarez"]
[SourceDate "2004.09.15"]

1. e4 e5 2. Nf3 Nc6 3. Bc4 Bc5 4. b4 Bxb4 5. c3 Bd6 6. d4 Nf6 7. O-O O-O 8. Nbd2 b6 9. Bd3 Re8 10. Re1 Bb7 11. Nc4 h6 12. Rb1 Qc8 13. Bc2 exd4 14. cxd4 Ba6 15. e5 Bxc4 16. exf6 Rxe1+ 17. Nxe1 Qd8 18. fxg7 Qf6 19. Be3 Re8 20. Qg4 Nb4 21. Rxb4 Bxb4 22. Nf3 Be2 23. Qxd7 Rd8 24. Qh3 Bxf3 25. gxf3 Qxg7+ 26. Kf1 Bf8 27. Qh4 Rd6 28. Be4 Qf6 29. Qg4+ Bg7 30. Qc8+ Qd8 31. Qf5 Qd7 32. Qh7+ Kf8 33. Kg2 Rxd4 34. Bxh6 Bxh6 35. Qh8+ Ke7 36. Qe5+ Kf8 37. Qh8+ Ke7 1/2-1/2

[Event "5th IECC"]
[Site "Antalya"]
[Date "2004.05.21"]
[Round "6"]
[White "Jobava, Baadur"]
[Black "Stefansson, Hannes"]
[Result "1/2-1/2"]
[WhiteElo "2616"]
[BlackElo "2567"]
[PlyCount "59"]
[EventDate "2004.05.15"]
[Source "Roberto Alvarez"]
[SourceDate "2004.05.31"]

1. e4 e5 2. Nf3 Nc6 3. Bc4 Bc5 4. b4 Bxb4 5. c3 Be7 6. d4 Na5 7. Be2 d6 8. Qa4+ c6 9. dxe5 dxe5 10. Nxe5 Nf6 11. O-O b5 12. Qc2 O-O 13. a4 Qc7 14. Nf3 Bg4 15. axb5 cxb5 16. Nd4 Bxe2 17. Qxe2 a6 18. e5 Nd5 19. Qf3 Rfd8 20. e6 f6 21. Re1 Nc6 22. Nxb5 Qb6 23. c4 Nd4 24. Nxd4 Qxd4 25. Ra4 Nb4 26. c5 Qxc5 27. Ba3 Qb6 28. Nc3 Rac8 29. Bxb4 Bxb4 30. e7 1/2-1/2

[Event "Europa ch 2008"]
[Site "Plovdiv BUL"]
[Date "2008.05.01"]
[Round "10.54"]
[White "Petrosian, Tigran"]
[Black "Jones, Gawain"]
[Result "1/2-1/2"]
[WhiteElo "2615"]
[BlackElo "2522"]
[PlyCount "83"]
[EventDate "2008.04.21"]
[Source "www.chesslib.no"]
[SourceDate "2004.05.04"]

1. e4 e5 2. Nf3 Nc6 3. Bc4 Bc5 4. b4 Bxb4 5. c3 Bd6 6. d4 Nf6 7. O-O O-O 8. Re1 b6 9. Bd5 Be7 10. dxe5 Nxd5 11. exd5 Na5 12. Nbd2 d6 13. c4 Bg4 14. Bb2 dxe5 15. Bxe5 Bf6 16. h3 Bh5 17. Qc2 Re8 18. g4 Bxe5 19. Nxe5 f6 20. Nd3 Bg6 21. Rxe8+ Qxe8 22. Qc3 Bxd3 23. Qxd3 Qe5 24. Rc1 Rd8 25. Nf3 Qf4 26. Rc2 c5 27. Kg2 Nb7 28. Re2 Nd6 29. Nd2 a6 30. a4 b5 31. axb5 axb5 32. cxb5 c4 33. Qc3 Qg5 34. Qd4 Nxb5 35. Qxc4 Qxd5+ 36. Qxd5+ Rxd5 37. Nf3 h5 38. Re7 hxg4 39. hxg4 g5 40. Ng1 Nd4 41. Ne2 Nxe2 42. Re8+ 1/2-1/2

[Event "Bled 85/307"]
[Site "?"]
[Date "2002.??.??"]
[Round "?"]
[White "Sermek, D."]
[Black "Mikhalchishin, A."]
[Result "0-1"]
[WhiteElo "2603"]
[BlackElo "2533"]
[PlyCount "66"]
[EventDate "2002.??.??"]
[Source "Chess Informant"]
[SourceDate "2002.06.01"]

1. e4 e5 2. Nf3 Nc6 3. Bc4 Bc5 4. b4 Bxb4 5. c3 Bd6 6. d4 Nf6 7. O-O O-O 8. Re1 h6 9. Nbd2 Re8 10. Bd3 exd4 11. cxd4 Bf8 12. e5 Nd5 13. Bc4 Nb6 14. Bb3 d6 15. Qc2 dxe5 16. Nxe5 Nxe5 17. dxe5 Be6 18. Bb2 Nd5 19. Qe4 Nb4 20. Rad1 Qc8 21. a3 Bxb3 22. Nxb3 Nc6 23. f4 Qe6 24. Qc2 Qg4 25. f5 Rad8 26. Rxd8 Rxd8 27. e6 f6 28. Rf1 Qa4 29. Qc3 Qb5 30. Qg3 Rd3 31. Qg6 Rxb3 32. Qf7+ Kh7 33. Qxf8 Rxb2 0-1

[Event "SPICE Cup"]
[Site "Lubbock USA"]
[Date "2007.11.14"]
[Round "7"]
[White "Schneider, Dm"]
[Black "Miton, K."]
[Result "0-1"]
[WhiteElo "2502"]
[BlackElo "2628"]
[PlyCount "46"]
[EventDate "2007.11.09"]
[Source "www.chesslib.no"]
[SourceDate "2004.05.04"]

1. e4 e5 2. Nf3 Nc6 3. Bc4 Bc5 4. b4 Bxb4 5. c3 Be7 6. d4 Na5 7. Nxe5 Nxc4 8. Nxc4 d5 9. exd5 Qxd5 10. Ne3 Qa5 11. O-O Nf6 12. Re1 O-O 13. Nc4 Qd5 14. Rxe7 Qxc4 15. Qb3 Qc6 16. Ba3 Nd5 17. Re5 Nf4 18. f3 Re8 19. d5 Nh3+ 20. gxh3 Qg6+ 21. Kf2 Rxe5 22. Nd2 Bxh3 23. Rg1 Qb6+ 0-1

[Event "Phillips&Drew"]
[Site "London"]
[Date "1980.??.??"]
[Round "2"]
[White "Nunn, John DM"]
[Black "Larsen, Bent"]
[Result "1/2-1/2"]
[WhiteElo "2515"]
[BlackElo "2590"]
[PlyCount "94"]
[EventDate "1980.04.??"]
[Source "ChessBase"]

1. e4 e5 2. Nf3 Nc6 3. Bc4 Bc5 4. b4 Bxb4 5. c3 Be7 6. d4 Na5 7. Nxe5 Nxc4 8. Nxc4 d5 9. exd5 Qxd5 10. Ne3 Qd7 11. O-O Nf6 12. c4 O-O 13. Nc3 c6 14. d5 cxd5 15. Ncxd5 Nxd5 16. Nxd5 Bd8 17. Rb1 Qc6 18. Qd4 Be6 19. Rb3 Rc8 20. Ba3 Re8 21. Rg3 f6 22. Nxf6+ Bxf6 23. Qxf6 Qc7 24. Qd4 Rcd8 25. Qc3 Bxc4 26. h4 Rd7 27. Rc1 b5 28. Bb2 Ree7 29. a4 a6 30. axb5 axb5 31. Ra1 Qd8 32. h5 h6 33. Ra6 Rf7 34. Rd6 Qe7 35. Rxd7 Qxd7 36. Kh2 Qd6 37. Qc2 Qc7 38. Qg6 b4 39. Qe4 Re7 40. Qd4 Rd7 41. Qg4 b3 42. f4 Re7 43. f5 Be2 44. Qd4 Rd7 45. Qe3 Bxh5 46. Qxb3+ Kh7 47. Qe3 Re7 1/2-1/2

[Event "Camp. asiatico 2007"]
[Site "Cebu FIL"]
[Date "2007.09.22"]
[Round "4.3"]
[White "Li, Chao"]
[Black "Zhou, Jianchao"]
[Result "1/2-1/2"]
[WhiteElo "2529"]
[BlackElo "2572"]
[PlyCount "26"]
[EventDate "2007.09.19"]
[Source "www.chesslib.no"]
[SourceDate "2004.05.04"]

1. e4 e5 2. Nf3 Nc6 3. Bc4 Bc5 4. b4 Bxb4 5. c3 Be7 6. d4 Na5 7. Be2 exd4 8. Qxd4 d5 9. exd5 Nf6 10. c4 O-O 11. Nc3 Re8 12. Bd2 c5 13. Qf4 Bd6 1/2-1/2

[Event "XXIV ECC"]
[Site "Kallithea GRE"]
[Date "2008.10.23"]
[Round "7"]
[White "Nabaty, T."]
[Black "Petrosian, TL."]
[Result "1-0"]
[WhiteElo "2456"]
[BlackElo "2629"]
[PlyCount "161"]
[EventDate "2008.10.17"]
[Source "www.chesslib.no"]
[SourceDate "2004.05.04"]

1. e4 e5 2. Nf3 Nc6 3. Bc4 Bc5 4. b4 Bxb4 5. c3 Bd6 6. d4 Nf6 7. O-O O-O 8. Bg5 Be7 9. Qe2 Nxe4 10. Bxe7 Nxe7 11. Qxe4 d5 12. Bxd5 Qxd5 13. Qxe5 Qd7 14. Nbd2 Ng6 15. Qg3 f6 16. Rfe1 b6 17. Re3 Ne7 18. Nh4 Nd5 19. Re4 Qd6 20. Qf3 g5 21. c4 gxh4 22. Rxh4 Bb7 23. Ne4 Qe7 24. cxd5 Kh8 25. Nc3 Rae8 26. Re4 Qf7 27. Rae1 Rxe4 28. Qxe4 b5 29. a3 a5 30. Nxb5 Bxd5 31. Qe7 Qg8 32. g3 Rf7 33. Qc5 Qd8 34. Nc3 Bf3 35. Re3 Bg4 36. Nd5 Rd7 37. Qc6 Kg7 38. Re7+ Qxe7 39. Nxe7 Rxe7 40. f3 Be6 41. Qc5 Rd7 42. Qxa5 Rxd4 43. Qxc7+ Bf7 44. Qa7 Rd3 45. Kf2 Kg6 46. Qa4 Rc3 47. Qg4+ Kh6 48. Qd4 Rc2+ 49. Ke3 Kg7 50. Qg4+ Kh8 51. Qf5 Rc3+ 52. Kd2 Rxa3 53. Qxf6+ Kg8 54. Qg5+ Bg6 55. Qd8+ Kf7 56. Qd5+ Kg7 57. h4 h5 58. g4 Bf7 59. Qg5+ Kh7 60. Qf6 Ra7 61. Ke3 Bg6 62. gxh5 Bxh5 63. Qf5+ Bg6 64. Qe5 Rg7 65. f4 Rf7 66. Kf3 Rf5 67. Qd6 Bh5+ 68. Kg3 Bg6 69. Kg4 Rh5 70. Qf6 Rd5 71. Qe7+ Kh6 72. Qe6 Rb5 73. Qf6 Kh7 74. Qe7+ Kh6 75. Qd8 Bf5+ 76. Kf3 Rb3+ 77. Kf2 Rb2+ 78. Ke3 Rb3+ 79. Kd2 Rb5 80. Qh8+ Bh7 81. Qf8+ 1-0

[Event "Bled op"]
[Site "Bled"]
[Date "2001.03.27"]
[Round "4"]
[White "Sveshnikov, Evgeny"]
[Black "Sermek, Drazen"]
[Result "0-1"]
[WhiteElo "2561"]
[BlackElo "2515"]
[PlyCount "128"]
[EventDate "2001.03.24"]
[Source "ChessBase"]
[SourceDate "2001.05.06"]

1. e4 e5 2. Nf3 Nc6 3. Bc4 Bc5 4. b4 Bxb4 5. c3 Be7 6. d4 Na5 7. Nxe5 Nxc4 8. Nxc4 d6 9. Ne3 Nf6 10. f3 O-O 11. O-O d5 12. e5 Ne8 13. Ba3 c6 14. f4 f6 15. Bxe7 Qxe7 16. Nd2 fxe5 17. fxe5 Rxf1+ 18. Ndxf1 Nc7 19. Ng3 Be6 20. Nef5 Bxf5 21. Nxf5 Qg5 22. Qd3 Rf8 23. Rf1 Ne6 24. h4 Qd8 25. Qh3 Qe8 26. Rf2 h5 27. Qg3 b5 28. Qd3 a5 29. g3 b4 30. Nd6 Qd7 31. Rxf8+ Nxf8 32. cxb4 axb4 33. Qf3 Ne6 34. Qf5 Qe7 35. Qxh5 Nxd4 36. Kg2 Qe6 37. Qg5 c5 38. Nb7 c4 39. Nc5 Qc8 40. e6 Qxc5 41. Qe5 Nc6 42. Qh5 Qe7 43. Qxd5 Nd8 44. Qxc4 Nxe6 45. Qd5 Kf7 46. Qh5+ Kg8 47. Qd5 Kf8 48. Qf3+ Ke8 49. Qa8+ Nd8 50. Qa4+ Kf8 51. Qc2 Qd6 52. Qf5+ Nf7 53. Qc8+ Ke7 54. Qb7+ Ke6 55. Kh3 Qc5 56. Qb8 Ne5 57. Qe8+ Kf6 58. Qd8+ Qe7 59. Qd4 Qd7+ 60. Qxd7 Nxd7 61. Kg4 Ne5+ 62. Kf4 Nd3+ 63. Ke4 Nc1 64. g4 Nxa2 0-1

[Event "Manila ol (Men)"]
[Site "Manila PHI"]
[Date "1992.??.??"]
[Round "?"]
[White "Minasian, Artashes"]
[Black "Giorgadze, Giorgi"]
[Result "1-0"]
[WhiteElo "2545"]
[BlackElo "2525"]
[PlyCount "69"]
[EventDate "1992.06.??"]
[Source "www.chesslib.no"]
[SourceDate "2004.05.04"]

1. e4 e5 2. Nf3 Nc6 3. Bc4 Bc5 4. b4 Bxb4 5. c3 Be7 6. d4 Na5 7. Nxe5 Nxc4 8. Nxc4 d5 9. exd5 Qxd5 10. Ne3 Qd7 11. O-O Nf6 12. d5 O-O 13. c4 Ng4 14. Bb2 Bc5 15. Bd4 Bxd4 16. Qxd4 Re8 17. Nc3 Nxe3 18. fxe3 Qe7 19. Rf3 b6 20. a4 Bd7 21. a5 f6 22. e4 Qc5 23. Qxc5 bxc5 24. a6 c6 25. Ra5 cxd5 26. exd5 Rac8 27. Kf2 f5 28. Re3 Red8 29. Nb5 Bxb5 30. Rxb5 Rd6 31. Ra3 Rc7 32. Raa5 Kf8 33. Rxc5 Rxc5 34. Rxc5 Rxa6 35. Rc7 1-0

[Event "IND-ch"]
[Site "Visakhapatnam"]
[Date "2004.12.08"]
[Round "6"]
[White "Ganguly, Surya Shekhar"]
[Black "Sundararajan, Kidambi"]
[Result "1-0"]
[WhiteElo "2559"]
[BlackElo "2476"]
[PlyCount "91"]
[EventDate "2004.12.04"]
[Source "Roberto Alvarez"]
[SourceDate "2004.12.13"]

1. e4 e5 2. Nf3 Nc6 3. Bc4 Bc5 4. b4 Bxb4 5. c3 Be7 6. d4 Na5 7. Nxe5 Nxc4 8. Nxc4 d5 9. exd5 Qxd5 10. Ne3 Qd7 11. O-O Nf6 12. c4 O-O 13. Nc3 c6 14. Qd3 Ng4 15. h3 Nxe3 16. fxe3 b6 17. Bb2 Ba6 18. Rac1 Rad8 19. Rf3 f5 20. Ne2 Rf7 21. Qb3 Bg5 22. Qa3 Bc8 23. Nf4 Re8 24. Qc3 b5 25. Nh5 Qe7 26. Kh1 bxc4 27. d5 cxd5 28. Rg3 d4 29. Qxc4 Bh6 30. Qxd4 Rd8 31. Qc3 Bb7 32. Qa5 Rc8 33. Rd1 Qc7 34. Qa4 Rd8 35. Rc1 Qe7 36. Qb3 Bd5 37. Qc3 Bb7 38. Qb3 Bd5 39. Qa4 Bb7 40. Kh2 Rc8 41. Rd1 Bc6 42. Qb3 Kh8 43. Rd6 Qxd6 44. Qxf7 Qf8 45. Qxa7 Ra8 46. Qd4 1-0

[Event "ISR-chT"]
[Site "?"]
[Date "2003.03.21"]
[Round "7"]
[White "Kantsler Boris"]
[Black "Kosashvili Yona"]
[Result "0-1"]
[WhiteElo "2491"]
[BlackElo "2543"]
[PlyCount "110"]
[EventDate "2003.??.??"]
[Source "www.chesslib.no"]
[SourceDate "2004.05.04"]

1. e4 e5 2. Nf3 Nc6 3. Bc4 Bc5 4. b4 Bxb4 5. c3 Bd6 6. O-O Nf6 7. d4 O-O 8. Bg5 Be7 9. Nbd2 d6 10. h3 Nh5 11. Be3 Nf4 12. Bxf4 exf4 13. Re1 Bf6 14. Nb3 g5 15. Nh2 Bg7 16. Qh5 Qf6 17. Nf3 Bh6 18. e5 Qg6 19. Qxg6+ hxg6 20. e6 fxe6 21. Bxe6+ Bxe6 22. Rxe6 Rae8 23. Rae1 Kf7 24. Rxe8 Rxe8 25. Rb1 Nd8 26. d5 Re2 27. Nbd2 Ke8 28. Kf1 Re7 29. c4 Kd7 30. a4 a6 31. Nb3 Kc8 32. Na5 Re8 33. Nb3 Nf7 34. Na5 b6 35. Nc6 Bg7 36. a5 Kb7 37. Rb3 Bf6 38. Nd2 Nd8 39. axb6 Nxc6 40. dxc6+ Kxc6 41. Ne4 Bd4 42. bxc7 Kxc7 43. Nxg5 a5 44. Ra3 Kb6 45. Nf3 Bc5 46. Ra2 Bb4 47. g3 fxg3 48. fxg3 Re3 49. Kg2 Kc5 50. Nh4 Re6 51. Kf3 Kxc4 52. Kg4 Kb3 53. Ra1 Re1 54. Rxe1 Bxe1 55. Nxg6 a4 0-1

[Event "Internatonal Open"]
[Site "Sydney AUS"]
[Date "2008.03.29"]
[Round "9"]
[White "Chandler, M."]
[Black "Zhao Zong Yuan"]
[Result "0-1"]
[WhiteElo "2540"]
[BlackElo "2487"]
[PlyCount "60"]
[EventDate "2008.03.25"]
[Source "www.chesslib.no"]
[SourceDate "2004.05.04"]

1. e4 e5 2. Nf3 Nc6 3. Bc4 Bc5 4. b4 Bxb4 5. c3 Bd6 6. d4 Nf6 7. O-O O-O 8. Re1 b6 9. Bd5 Be7 10. dxe5 Nxd5 11. exd5 Na5 12. d6 cxd6 13. exd6 Bf6 14. Qd3 Bb7 15. Bf4 Rc8 16. Nd4 Bxd4 17. Qxd4 Rc4 18. Qd2 Qf6 19. Bg3 h5 20. h4 Qg6 21. Re5 f6 22. Re7 Bc6 23. Qe1 f5 24. Nd2 f4 25. Nxc4 fxg3 26. fxg3 Nxc4 27. Rd1 Nxd6 28. Kh2 Nf5 29. Re5 Nxh4 30. Rxd7 Bxd7 0-1

[Event "Open, Pula CRO"]
[Site "?"]
[Date "2001.??.??"]
[Round "5"]
[White "Zelcic, R."]
[Black "Sermek, D."]
[Result "0-1"]
[WhiteElo "2500"]
[BlackElo "2525"]
[PlyCount "84"]
[EventDate "2001.??.??"]
[Source "www.chesslib.no"]
[SourceDate "2004.05.04"]

1. e4 e5 2. Nf3 Nc6 3. Bc4 Bc5 4. b4 Bxb4 5. c3 Be7 6. Qb3 Nh6 7. d4 Na5 8. Qa4 Nxc4 9. Qxc4 exd4 10. Bxh6 gxh6 11. cxd4 c6 12. O-O d5 13. exd5 Qxd5 14. Qe2 Bg4 15. Nbd2 Be6 16. Rfc1 O-O 17. Ne4 b6 18. Rc3 Kh8 19. Qe3 Rg8 20. Ng3 h5 21. h4 c5 22. dxc5 Bxc5 23. Qf4 Rg4 24. Qf6+ Kg8 25. Ne5 Bxf2+ 26. Qxf2 Qxe5 27. Rac1 Rd8 28. Re3 Qf4 29. Qxf4 Rxf4 30. Re4 Rd4 31. Re5 Rxh4 32. Nxh5 Kf8 33. Rc7 Rd1+ 34. Kf2 Rd2+ 35. Kg3 Rg4+ 36. Kf3 Rd3+ 37. Ke2 Ra3 38. g3 Rxa2+ 39. Ke3 Ra3+ 40. Kd2 Rd4+ 41. Kc2 Ra2+ 42. Kc3 Rdd2 0-1

[Event "Balatonlelle GM"]
[Site "?"]
[Date "2003.06.27"]
[Round "7"]
[White "Turov Maxim"]
[Black "Postny Evgeny"]
[Result "0-1"]
[WhiteElo "2531"]
[BlackElo "2494"]
[PlyCount "64"]
[EventDate "2003.??.??"]
[Source "www.chesslib.no"]
[SourceDate "2004.05.04"]

1. e4 e5 2. Nf3 Nc6 3. Bc4 Bc5 4. b4 Bxb4 5. c3 Bd6 6. O-O Nf6 7. Ng5 O-O 8. f4 Bc5+ 9. d4 exd4 10. e5 d5 11. exf6 dxc4 12. fxg7 Kxg7 13. Ba3 Bxa3 14. Nxa3 dxc3 15. Qe1 h6 16. Nf3 Qf6 17. Nxc4 Bf5 18. Nfe5 Nd4 19. Kh1 c2 20. Ne3 c5 21. Qc3 b6 22. Nd5 Qd6 23. Ne3 Be4 24. Rae1 f6 25. N3c4 Qd5 26. Rxe4 Qxe4 27. Nd6 Qe2 28. Re1 Qh5 29. Qg3+ Kh7 30. Nd7 Qd1 31. f5 Qxe1+ 32. Qxe1 Ne2 0-1

[Event "Las Palmas Open"]
[Site "Las Palmas ESP"]
[Date "1994.??.??"]
[Round "?"]
[White "Rogers, Ian"]
[Black "Garcia Padron, Jose"]
[Result "1-0"]
[WhiteElo "2565"]
[BlackElo "2450"]
[PlyCount "53"]
[EventDate "1994.??.??"]
[Source "www.chesslib.no"]
[SourceDate "2004.05.04"]

1. e4 e5 2. Nf3 Nc6 3. Bc4 Bc5 4. b4 Bxb4 5. c3 Be7 6. d4 exd4 7. cxd4 Na5 8. Bd3 d5 9. exd5 Qxd5 10. O-O Nf6 11. Nc3 Qh5 12. Rb1 a6 13. Re1 Nc6 14. Bg5 Kf8 15. Qc1 Bd6 16. Bf4 g5 17. Bxg5 Ng8 18. Ne4 Nxd4 19. Nxd4 Qxh2+ 20. Kf1 Bg4 21. f3 h6 22. Be3 Qh1+ 23. Bg1 Bd7 24. Nxd6 cxd6 25. Qc7 Nf6 26. Qxd6+ Kg7 27. Qh2 1-0